Futballisták piaci értékének statisztikai módszereken alapuló vizsgálata

Bibliográfiai részletek
Szerző: Joháczi Attila
További közreműködők: Csesznák Dr. Anita
Dokumentumtípus: Diplomadolgozat
Kulcsszavak:Futballista
Piaci érték
Statisztika
Online Access:http://dolgozattar.uni-bge.hu/16899

MARC

LEADER 00000nta a2200000 i 4500
001 dolg16899
005 20200409150251.0
008 180516suuuu hu om 000 hun d
040 |a BGE Dolgozattár Repozitórium  |b hun 
041 |a hu 
100 1 |a Joháczi Attila 
245 1 0 |a Futballisták piaci értékének statisztikai módszereken alapuló vizsgálata  |c Joháczi Attila  |h [elektronikus dokumentum] 
695 |a Futballista 
695 |a Piaci érték 
695 |a Statisztika 
700 1 |a Csesznák Dr. Anita  |e ths 
856 4 0 |u http://dolgozattar.uni-bge.hu/16899/1/Joh%C3%A1czi_Attila_PKMGQR_dokumentumokkal.pdf  |z Dokumentum-elérés 
856 4 0 |u http://dolgozattar.uni-bge.hu/16899/7/Nyilatkozat%20nyilv%C3%A1noss%C3%A1g%20t%C3%A9telr%C5%91l%20Joh%C3%A1czi%20Attila.pdf  |z Dokumentum-elérés